[Event "9. Forchheimer Sparkassen Open 2010"]
[Site "Forchheim"]
[Date "2010.10.02"]
[Round "2.27"]
[White "Petermann, Jan"]
[Black "Heinkelmann, Josef"]
[Result "1/2-1/2"]
[WhiteElo "1653"]
[BlackElo "1914"]
[PlyCount "100"]
[EventDate "2010.??.??"]
[WhiteTeam "SV Puschendorf 1949 e.V."]
[BlackTeam "SC Forchheim e.V."]

1. b3 {[%emt 0:00:00]} Nf6 {[%emt 0:00:02]} 2. Bb2 {[%emt 0:00:03]} e6 {
[%emt 0:00:01]} 3. c4 {[%emt 0:00:02]} d5 {[%emt 0:00:01]} 4. cxd5 {
[%emt 0:00:02]} exd5 {[%emt 0:00:01]} 5. e3 {[%emt 0:00:03]} Bd6 {
[%emt 0:00:02]} 6. Nf3 {[%emt 0:00:05]} O-O {[%emt 0:00:02]} 7. Be2 {
[%emt 0:00:27]} Re8 {[%emt 0:00:01]} 8. O-O {[%emt 0:00:02]} Nbd7 {
[%emt 0:00:01]} 9. Nc3 {[%emt 0:00:03]} c6 {[%emt 0:00:02]} 10. Qc2 {
[%emt 0:00:02]} Ne5 {[%emt 0:00:02]} 11. Nxe5 {[%emt 0:00:02]} Bxe5 {
[%emt 0:00:02]} 12. f4 {[%emt 0:00:02]} Bc7 {[%emt 0:00:02]} 13. Rad1 {
[%emt 0:00:02]} Bb6 {[%emt 0:00:02]} 14. Na4 {[%emt 0:00:02]} Bc7 {
[%emt 0:00:02]} 15. h3 {[%emt 0:00:02]} Qe7 {[%emt 0:00:02]} 16. Bd3 {
[%emt 0:00:02]} Ne4 {[%emt 0:00:02]} 17. Nc3 {[%emt 0:00:02]} Bd7 {
[%emt 0:00:02]} 18. Rf3 {[%emt 0:00:03]} Kh8 {[%emt 0:00:03]} 19. Nxe4 {
[%emt 0:00:02]} dxe4 {[%emt 0:00:03]} 20. Rg3 {[%emt 0:00:03]} f6 {
[%emt 0:00:02]} 21. Bc4 {[%emt 0:00:04]} Bf5 {[%emt 0:00:02]} 22. d4 {
[%emt 0:00:02]} exd3 {[%emt 0:00:02]} 23. Bxd3 {[%emt 0:00:02]} Bxd3 {
[%emt 0:00:02]} 24. Rxd3 {[%emt 0:00:02]} Bb6 {[%emt 0:00:03]} 25. Bd4 {
[%emt 0:00:02]} Bxd4 {[%emt 0:00:02]} 26. Rxd4 {[%emt 0:00:01]} Rad8 {
[%emt 0:00:02]} 27. Rxd8 {[%emt 0:00:02]} Rxd8 {[%emt 0:00:02]} 28. Rf3 {
[%emt 0:00:02]} Qb4 {[%emt 0:00:02]} 29. Qc1 {[%emt 0:00:02]} Rd3 {
[%emt 0:00:03]} 30. Rf2 {[%emt 0:00:15]} Qd6 {[%emt 0:00:02]} 31. Kh2 {
[%emt 0:00:02]} Rd1 {[%emt 0:00:02]} 32. Qc2 {[%emt 0:00:01]} Rd3 {
[%emt 0:00:03]} 33. Re2 {[%emt 0:00:02]} c5 {[%emt 0:00:02]} 34. Kg3 {
[%emt 0:00:02]} g5 {[%emt 0:00:02]} 35. Qc4 {[%emt 0:00:02]} Kg7 {
[%emt 0:00:02]} 36. Kf2 {[%emt 0:00:04]} h6 {[%emt 0:00:01]} 37. fxg5 {
[%emt 0:00:02]} hxg5 {[%emt 0:00:01]} 38. Qb5 {[%emt 0:00:04]} b6 {
[%emt 0:00:01]} 39. Qc4 {[%emt 0:00:03]} Rd1 {[%emt 0:00:03]} 40. Qe4 {
[%emt 0:00:02]} Qd7 {[%emt 0:00:01]} 41. Kf3 {[%emt 0:00:02]} Rd5 {
[%emt 0:00:02]} 42. g3 {[%emt 0:00:02]} Re5 {[%emt 0:00:03]} 43. Qg4 {
[%emt 0:00:02]} Qxg4+ {[%emt 0:00:02]} 44. Kxg4 {[%emt 0:00:02]} Kg6 {
[%emt 0:00:01]} 45. Kf3 {[%emt 0:00:02]} f5 {[%emt 0:00:01]} 46. Rd2 {
[%emt 0:00:03]} Re6 {[%emt 0:00:02]} 47. Rd8 {[%emt 0:00:02]} Kf6 {
[%emt 0:00:02]} 48. Rf8+ {[%emt 0:00:02]} Ke5 {[%emt 0:00:02]} 49. Rg8 {
[%emt 0:00:02]} Kf6 {[%emt 0:00:02]} 50. Rf8+ {[%emt 0:00:01]} Ke5 {
[%emt 0:00:01]} 1/2-1/2

[Event "9. Forchheimer Sparkassen Open 2010"]
[Site "Forchheim"]
[Date "2010.10.02"]
[Round "2.28"]
[White "Schulz, Horst"]
[Black "Walter, Manfred"]
[Result "1/2-1/2"]
[WhiteElo "1509"]
[BlackElo "1825"]
[PlyCount "105"]
[EventDate "2010.??.??"]
[WhiteTeam "SC Höchstadt/Aisch"]
[BlackTeam "SV Lauf a.d.P."]

1. d4 {[%emt 0:00:00]} d6 {[%emt 0:00:01]} 2. e4 {[%emt 0:00:03]} Nf6 {
[%emt 0:00:02]} 3. Bd3 {[%emt 0:00:03]} e5 {[%emt 0:00:01]} 4. d5 {
[%emt 0:00:02]} c6 {[%emt 0:00:01]} 5. c4 {[%emt 0:00:02]} cxd5 {[%emt 0:00:02]
} 6. cxd5 {[%emt 0:00:02]} a6 {[%emt 0:00:01]} 7. Ne2 {[%emt 0:00:02]} Be7 {
[%emt 0:00:02]} 8. O-O {[%emt 0:00:02]} O-O {[%emt 0:00:03]} 9. Nbc3 {
[%emt 0:00:03]} Nbd7 {[%emt 0:00:01]} 10. Ng3 {[%emt 0:00:02]} Re8 {
[%emt 0:00:01]} 11. Nf5 {[%emt 0:00:02]} Bf8 {[%emt 0:00:02]} 12. Kh1 {
[%emt 0:00:02]} b5 {[%emt 0:00:01]} 13. b4 {[%emt 0:00:02]} Nb6 {[%emt 0:00:01]
} 14. Ng3 {[%emt 0:00:04]} Bd7 {[%emt 0:00:02]} 15. f4 {[%emt 0:00:02]} Rc8 {
[%emt 0:00:03]} 16. Nce2 {[%emt 0:00:03]} Nc4 {[%emt 0:00:02]} 17. f5 {
[%emt 0:00:02]} Ng4 {[%emt 0:00:01]} 18. Rf3 {[%emt 0:00:05]} Qb6 {
[%emt 0:00:02]} 19. Qg1 {[%emt 0:00:03]} Qxg1+ {[%emt 0:00:03]} 20. Kxg1 {
[%emt 0:00:02]} Be7 {[%emt 0:00:04]} 21. h3 {[%emt 0:00:07]} Nf6 {
[%emt 0:00:02]} 22. Bxc4 {[%emt 0:00:02]} Rxc4 {[%emt 0:00:02]} 23. a3 {
[%emt 0:00:02]} Nxe4 {[%emt 0:00:07]} 24. Nxe4 {[%emt 0:00:02]} Rxe4 {
[%emt 0:00:01]} 25. Nc3 {[%emt 0:00:03]} Re1+ {[%emt 0:00:02]} 26. Kf2 {
[%emt 0:00:02]} Rh1 {[%emt 0:00:02]} 27. g4 {[%emt 0:00:02]} Bg5 {
[%emt 0:00:02]} 28. Bxg5 {[%emt 0:00:03]} Rxa1 {[%emt 0:00:03]} 29. Ne4 {
[%emt 0:00:03]} Ra2+ {[%emt 0:00:02]} 30. Kg3 {[%emt 0:00:02]} Rc8 {
[%emt 0:00:02]} 31. Be7 {[%emt 0:00:04]} Rcc2 {[%emt 0:00:03]} 32. Bxd6 {
[%emt 0:00:02]} Rg2+ {[%emt 0:00:02]} 33. Kh4 {[%emt 0:00:02]} f6 {
[%emt 0:00:02]} 34. g5 {[%emt 0:00:03]} fxg5+ {[%emt 0:00:02]} 35. Nxg5 {
[%emt 0:00:02]} Raf2 {[%emt 0:00:03]} 36. Bxe5 {[%emt 0:00:02]} Rxf3 {
[%emt 0:00:05]} 37. Nxf3 {[%emt 0:00:04]} Bxf5 {[%emt 0:00:01]} 38. Nd4 {
[%emt 0:00:03]} g5+ {[%emt 0:00:02]} 39. Kh5 {[%emt 0:00:03]} Bxh3 {
[%emt 0:00:02]} 40. Bf6 {[%emt 0:00:14]} g4 {[%emt 0:00:02]} 41. Kh4 {
[%emt 0:00:01]} Kf7 {[%emt 0:00:00]} 42. Be5 {[%emt 0:00:03]} Rd2 {
[%emt 0:00:02]} 43. d6 {[%emt 0:00:01]} Ke8 {[%emt 0:00:02]} 44. Nb3 {
[%emt 0:00:02]} Rd5 {[%emt 0:00:02]} 45. Bg3 {[%emt 0:00:03]} Rd3 {
[%emt 0:00:02]} 46. Nc5 {[%emt 0:00:02]} Rxg3 {[%emt 0:00:02]} 47. Kxg3 {
[%emt 0:00:03]} h5 {[%emt 0:00:18]} 48. Nxa6 {[%emt 0:00:03]} Kd7 {
[%emt 0:00:03]} 49. Nc7 {[%emt 0:00:03]} Bf1 {[%emt 0:00:03]} 50. Nd5 {
[%emt 0:00:03]} Kxd6 {[%emt 0:00:02]} 51. Nf4 {[%emt 0:00:07]} Ke5 {
[%emt 0:00:03]} 52. Nxh5 {[%emt 0:00:02]} Be2 {[%emt 0:00:02]} 53. Ng7 {
[%emt 0:00:04]} 1/2-1/2

[Event "9. Forchheimer Sparkassen Open 2010"]
[Site "Forchheim"]
[Date "2010.10.02"]
[Round "2.29"]
[White "Schwab, Edgar"]
[Black "Mejerski, Stephan"]
[Result "1-0"]
[WhiteElo "1946"]
[BlackElo "1635"]
[PlyCount "63"]
[EventDate "2010.??.??"]
[WhiteTeam "SC Forchheim e.V."]
[BlackTeam "SK Schmiden/Cannstatt"]

1. d4 {[%emt 0:00:00]} f5 {[%emt 0:00:01]} 2. c4 {[%emt 0:00:03]} Nf6 {
[%emt 0:00:02]} 3. Nc3 {[%emt 0:00:03]} e6 {[%emt 0:00:02]} 4. g3 {
[%emt 0:00:03]} c6 {[%emt 0:00:01]} 5. c5 {[%emt 0:00:02]} d5 {[%emt 0:00:01]}
6. cxd6 {[%emt 0:00:02]} Bxd6 {[%emt 0:00:01]} 7. Bg2 {[%emt 0:00:02]} O-O {
[%emt 0:00:02]} 8. Nf3 {[%emt 0:00:02]} Nbd7 {[%emt 0:00:02]} 9. O-O {
[%emt 0:00:02]} Nb6 {[%emt 0:00:02]} 10. Re1 {[%emt 0:00:03]} Nbd5 {
[%emt 0:00:02]} 11. Bg5 {[%emt 0:00:02]} Be7 {[%emt 0:00:02]} 12. Ne5 {
[%emt 0:00:02]} Nd7 {[%emt 0:00:03]} 13. Bxe7 {[%emt 0:00:02]} Qxe7 {
[%emt 0:00:04]} 14. Nd3 {[%emt 0:00:03]} Qf6 {[%emt 0:00:02]} 15. e3 {
[%emt 0:00:02]} Kh8 {[%emt 0:00:01]} 16. Rc1 {[%emt 0:00:02]} Nxc3 {
[%emt 0:00:02]} 17. Rxc3 {[%emt 0:00:01]} e5 {[%emt 0:00:02]} 18. dxe5 {
[%emt 0:00:02]} Nxe5 {[%emt 0:00:19]} 19. Nc5 {[%emt 0:00:12]} Rd8 {
[%emt 0:00:02]} 20. Qe2 {[%emt 0:00:02]} b6 {[%emt 0:00:02]} 21. Nb3 {
[%emt 0:00:04]} Bb7 {[%emt 0:00:02]} 22. Rec1 {[%emt 0:00:03]} Rac8 {
[%emt 0:00:03]} 23. Nd4 {[%emt 0:00:04]} Rd6 {[%emt 0:00:04]} 24. Qc2 {
[%emt 0:00:07]} g6 {[%emt 0:00:02]} 25. f4 {[%emt 0:00:03]} Ng4 {[%emt 0:00:02]
} 26. Ne2 {[%emt 0:00:03]} Qe7 {[%emt 0:00:04]} 27. e4 {[%emt 0:00:02]} fxe4 {
[%emt 0:00:02]} 28. Bxe4 {[%emt 0:00:02]} Re8 {[%emt 0:00:01]} 29. Bf3 {
[%emt 0:00:03]} Ne3 {[%emt 0:00:01]} 30. Qb3 {[%emt 0:00:01]} Ba6 {
[%emt 0:00:06]} 31. Re1 {[%emt 0:00:03]} Rd2 {[%emt 0:00:05]} 32. Nc1 {
[%emt 0:00:04]} 1-0

[Event "9. Forchheimer Sparkassen Open 2010"]
[Site "Forchheim"]
[Date "2010.10.02"]
[Round "2.30"]
[White "Kuenne, Lutz  Dieter"]
[Black "Hummel, Thomas"]
[Result "0-1"]
[WhiteElo "1643"]
[BlackElo "1715"]
[PlyCount "66"]
[EventDate "2010.??.??"]
[WhiteTeam "Kings Club 98 Jena"]
[BlackTeam "TSV Dietfurt/Altm. e.V."]

1. e4 {[%emt 0:00:00]} Nf6 {[%emt 0:00:01]} 2. e5 {[%emt 0:00:02]} Nd5 {
[%emt 0:00:02]} 3. c4 {[%emt 0:00:03]} Nb6 {[%emt 0:00:02]} 4. d4 {
[%emt 0:00:02]} d6 {[%emt 0:00:01]} 5. exd6 {[%emt 0:00:01]} exd6 {
[%emt 0:00:02]} 6. Nc3 {[%emt 0:00:02]} Be7 {[%emt 0:00:02]} 7. Nf3 {
[%emt 0:00:02]} O-O {[%emt 0:00:02]} 8. Bd3 {[%emt 0:00:02]} Bg4 {
[%emt 0:00:02]} 9. O-O {[%emt 0:00:02]} Nc6 {[%emt 0:00:01]} 10. b3 {
[%emt 0:00:02]} Bf6 {[%emt 0:00:02]} 11. Be3 {[%emt 0:00:02]} Bxf3 {
[%emt 0:00:01]} 12. gxf3 {[%emt 0:00:03]} Nb4 {[%emt 0:00:01]} 13. Rc1 {
[%emt 0:00:02]} Qd7 {[%emt 0:00:03]} 14. a3 {[%emt 0:00:02]} Nc6 {
[%emt 0:00:04]} 15. Ne2 {[%emt 0:00:05]} Ne7 {[%emt 0:00:04]} 16. Qc2 {
[%emt 0:00:06]} g6 {[%emt 0:00:01]} 17. Ng3 {[%emt 0:00:05]} Bh4 {
[%emt 0:00:02]} 18. f4 {[%emt 0:00:04]} f5 {[%emt 0:00:01]} 19. Kh1 {
[%emt 0:00:04]} c6 {[%emt 0:00:01]} 20. Rg1 {[%emt 0:00:03]} Kh8 {
[%emt 0:00:01]} 21. d5 {[%emt 0:00:05]} cxd5 {[%emt 0:00:02]} 22. Bd4+ {
[%emt 0:00:02]} Bf6 {[%emt 0:00:06]} 23. Bxf6+ {[%emt 0:00:02]} Rxf6 {
[%emt 0:00:24]} 24. Qb2 {[%emt 0:00:03]} Raf8 {[%emt 0:00:02]} 25. c5 {
[%emt 0:00:03]} dxc5 {[%emt 0:00:01]} 26. Rxc5 {[%emt 0:00:02]} Qd6 {
[%emt 0:00:01]} 27. Rgc1 {[%emt 0:00:07]} Nc4 {[%emt 0:00:04]} 28. Qd4 {
[%emt 0:00:03]} b6 {[%emt 0:00:02]} 29. R5xc4 {[%emt 0:00:04]} dxc4 {
[%emt 0:00:02]} 30. Qxd6 {[%emt 0:00:02]} Rxd6 {[%emt 0:00:01]} 31. Bxc4 {
[%emt 0:00:02]} Rfd8 {[%emt 0:00:02]} 32. Be2 {[%emt 0:00:02]} Nd5 {
[%emt 0:00:02]} 33. Bf3 {[%emt 0:00:02]} Nxf4 {[%emt 0:00:01]} 0-1

[Event "9. Forchheimer Sparkassen Open 2010"]
[Site "Forchheim"]
[Date "2010.10.02"]
[Round "2.31"]
[White "Siegl, Melina"]
[Black "Müller, Ludwig"]
[Result "1-0"]
[WhiteElo "1467"]
[BlackElo "1689"]
[PlyCount "133"]
[EventDate "2010.??.??"]
[WhiteTeam "SW Nürnberg Süd e.V."]
[BlackTeam "SGem Nürnberg 1978 e.V."]

1. e4 {[%emt 0:00:00]} b6 {[%emt 0:00:03]} 2. d4 {[%emt 0:00:01]} Bb7 {
[%emt 0:00:01]} 3. Nc3 {[%emt 0:00:07]} e6 {[%emt 0:00:02]} 4. a3 {
[%emt 0:00:02]} Nf6 {[%emt 0:00:02]} 5. Bd3 {[%emt 0:00:02]} c5 {[%emt 0:00:02]
} 6. dxc5 {[%emt 0:00:03]} Bxc5 {[%emt 0:00:00]} 7. Nf3 {[%emt 0:00:05]} Be7 {
[%emt 0:00:01]} 8. O-O {[%emt 0:00:03]} O-O {[%emt 0:00:02]} 9. Bg5 {
[%emt 0:00:15]} h6 {[%emt 0:00:01]} 10. Bh4 {[%emt 0:00:02]} d5 {[%emt 0:00:01]
} 11. exd5 {[%emt 0:00:03]} Nxd5 {[%emt 0:00:01]} 12. Bxe7 {[%emt 0:00:01]}
Qxe7 {[%emt 0:00:01]} 13. Nxd5 {[%emt 0:00:01]} Bxd5 {[%emt 0:00:01]} 14. c4 {
[%emt 0:00:05]} Bb7 {[%emt 0:00:02]} 15. b4 {[%emt 0:00:02]} Nd7 {
[%emt 0:00:01]} 16. Re1 {[%emt 0:00:06]} Rfd8 {[%emt 0:00:02]} 17. Qe2 {
[%emt 0:00:02]} Rac8 {[%emt 0:00:02]} 18. Rad1 {[%emt 0:00:02]} Nf6 {
[%emt 0:00:02]} 19. h3 {[%emt 0:00:02]} Qc7 {[%emt 0:00:11]} 20. Ne5 {
[%emt 0:00:06]} Nd7 {[%emt 0:00:02]} 21. Nxd7 {[%emt 0:00:02]} Rxd7 {
[%emt 0:00:02]} 22. Rc1 {[%emt 0:00:02]} Ba6 {[%emt 0:00:02]} 23. b5 {
[%emt 0:00:02]} Bb7 {[%emt 0:00:01]} 24. Red1 {[%emt 0:00:03]} Rcd8 {
[%emt 0:00:03]} 25. Qe3 {[%emt 0:00:02]} Qc5 {[%emt 0:00:02]} 26. Qxc5 {
[%emt 0:00:06]} bxc5 {[%emt 0:00:00]} 27. Be2 {[%emt 0:00:03]} Kf8 {
[%emt 0:00:03]} 28. f3 {[%emt 0:00:03]} Ke7 {[%emt 0:00:03]} 29. Kf2 {
[%emt 0:00:02]} e5 {[%emt 0:00:07]} 30. Ke3 {[%emt 0:00:07]} Rd4 {
[%emt 0:00:02]} 31. Rxd4 {[%emt 0:00:07]} Rxd4 {[%emt 0:00:06]} 32. Bd3 {
[%emt 0:00:02]} g6 {[%emt 0:00:02]} 33. a4 {[%emt 0:00:02]} f5 {[%emt 0:00:06]}
34. g4 {[%emt 0:00:02]} Rf4 {[%emt 0:00:07]} 35. Rf1 {[%emt 0:00:03]} Kf6 {
[%emt 0:00:02]} 36. a5 {[%emt 0:00:04]} Rd4 {[%emt 0:00:03]} 37. Be2 {
[%emt 0:00:08]} f4+ {[%emt 0:00:02]} 38. Kf2 {[%emt 0:00:02]} Rd2 {
[%emt 0:00:02]} 39. Rb1 {[%emt 0:00:02]} Ra2 {[%emt 0:00:03]} 40. a6 {
[%emt 0:00:04]} Bc8 {[%emt 0:00:01]} 41. b6 {[%emt 0:00:11]} axb6 {
[%emt 0:00:02]} 42. Rxb6+ {[%emt 0:00:02]} Kf7 {[%emt 0:00:04]} 43. Rc6 {
[%emt 0:00:03]} Bxa6 {[%emt 0:00:06]} 44. Rxc5 {[%emt 0:00:03]} Rd2 {
[%emt 0:00:02]} 45. Ke1 {[%emt 0:00:03]} Rd4 {[%emt 0:00:03]} 46. Rc7+ {
[%emt 0:00:02]} Ke6 {[%emt 0:00:02]} 47. Rc6+ {[%emt 0:00:03]} Rd6 {
[%emt 0:00:01]} 48. Rxd6+ {[%emt 0:00:03]} Kxd6 {[%emt 0:00:01]} 49. c5+ {
[%emt 0:00:01]} Kxc5 {[%emt 0:00:03]} 50. Bxa6 {[%emt 0:00:01]} g5 {
[%emt 0:00:02]} 51. Bb7 {[%emt 0:00:03]} Kd4 {[%emt 0:00:02]} 52. Be4 {
[%emt 0:00:03]} Kc3 {[%emt 0:00:03]} 53. Kd1 {[%emt 0:00:13]} Kd4 {
[%emt 0:00:03]} 54. Kd2 {[%emt 0:00:03]} Kc4 {[%emt 0:00:02]} 55. Kc2 {
[%emt 0:00:05]} Kd4 {[%emt 0:00:01]} 56. Kb3 {[%emt 0:00:02]} Kc5 {
[%emt 0:00:02]} 57. Kc3 {[%emt 0:00:02]} Kb5 {[%emt 0:00:02]} 58. Bd3+ {
[%emt 0:00:03]} Kc5 {[%emt 0:00:02]} 59. Bc4 {[%emt 0:00:02]} Kd6 {
[%emt 0:00:03]} 60. Kd3 {[%emt 0:00:02]} Kc5 {[%emt 0:00:09]} 61. Bf7 {
[%emt 0:00:01]} Kd6 {[%emt 0:00:03]} 62. Ke4 {[%emt 0:00:15]} Ke7 {
[%emt 0:00:02]} 63. Bb3 {[%emt 0:00:09]} Kf6 {[%emt 0:00:01]} 64. Kd5 {
[%emt 0:00:04]} Kg7 {[%emt 0:00:03]} 65. Kxe5 {[%emt 0:00:02]} Kg6 {
[%emt 0:00:01]} 66. Bc2+ {[%emt 0:00:02]} Kg7 {[%emt 0:00:02]} 67. Ke6 {
[%emt 0:00:01]} 1-0

[Event "9. Forchheimer Sparkassen Open 2010"]
[Site "Forchheim"]
[Date "2010.10.02"]
[Round "2.32"]
[White "Schmidt, Tobias"]
[Black "Hofmann, Paul"]
[Result "1-0"]
[WhiteElo "1537"]
[BlackElo "1686"]
[PlyCount "49"]
[EventDate "2010.??.??"]
[WhiteTeam "SC Tamm 74"]
[BlackTeam "FC Ergolding 1932 e.V."]

1. e4 {[%emt 0:00:00]} c6 {[%emt 0:00:02]} 2. d4 {[%emt 0:00:02]} d5 {
[%emt 0:00:02]} 3. Nc3 {[%emt 0:00:03]} dxe4 {[%emt 0:00:08]} 4. Nxe4 {
[%emt 0:00:01]} Bf5 {[%emt 0:00:10]} 5. Ng3 {[%emt 0:00:02]} Bg6 {
[%emt 0:00:02]} 6. N1e2 {[%emt 0:00:04]} h6 {[%emt 0:00:02]} 7. Nf4 {
[%emt 0:00:03]} Bh7 {[%emt 0:00:01]} 8. Bc4 {[%emt 0:00:03]} e6 {[%emt 0:00:02]
} 9. Be3 {[%emt 0:00:03]} Nf6 {[%emt 0:00:02]} 10. Qe2 {[%emt 0:00:02]} Nbd7 {
[%emt 0:00:02]} 11. O-O-O {[%emt 0:00:02]} Nb6 {[%emt 0:00:02]} 12. Bb3 {
[%emt 0:00:03]} Bd6 {[%emt 0:00:02]} 13. c4 {[%emt 0:00:02]} Nbd7 {
[%emt 0:00:13]} 14. Ngh5 {[%emt 0:00:03]} O-O {[%emt 0:00:03]} 15. g4 {
[%emt 0:00:02]} Re8 {[%emt 0:00:02]} 16. h4 {[%emt 0:00:02]} Kh8 {
[%emt 0:00:02]} 17. g5 {[%emt 0:00:02]} Ng8 {[%emt 0:00:02]} 18. Qg4 {
[%emt 0:00:03]} Bf8 {[%emt 0:00:03]} 19. c5 {[%emt 0:00:02]} Qe7 {
[%emt 0:00:06]} 20. Bc2 {[%emt 0:01:05]} Bxc2 {[%emt 0:00:02]} 21. Kxc2 {
[%emt 0:00:02]} e5 {[%emt 0:00:06]} 22. Nd3 {[%emt 0:00:02]} Rad8 {
[%emt 0:00:02]} 23. gxh6 {[%emt 0:00:02]} Nxh6 {[%emt 0:00:02]} 24. Bxh6 {
[%emt 0:00:03]} gxh6 {[%emt 0:00:01]} 25. Rdg1 {[%emt 0:00:02]} 1-0

[Event "9. Forchheimer Sparkassen Open 2010"]
[Site "Forchheim"]
[Date "2010.10.02"]
[Round "2.33"]
[White "Schaedlich, Helmut"]
[Black "Lingl, Peter"]
[Result "1-0"]
[WhiteElo "1684"]
[BlackElo "1743"]
[PlyCount "58"]
[EventDate "2010.??.??"]
[WhiteTeam "SC Kirchseeon e.V."]
[BlackTeam "SV Puschendorf 1949 e.V."]

1. c4 {[%emt 0:00:00]} e5 {[%emt 0:00:02]} 2. g3 {[%emt 0:00:03]} Nc6 {
[%emt 0:00:06]} 3. Bg2 {[%emt 0:00:02]} g6 {[%emt 0:00:02]} 4. Nc3 {
[%emt 0:00:07]} Bg7 {[%emt 0:00:02]} 5. e3 {[%emt 0:00:02]} Nf6 {[%emt 0:00:01]
} 6. Nge2 {[%emt 0:00:04]} d6 {[%emt 0:00:02]} 7. O-O {[%emt 0:00:02]} Be6 {
[%emt 0:00:02]} 8. d3 {[%emt 0:00:03]} Rb8 {[%emt 0:00:02]} 9. h3 {
[%emt 0:00:03]} Ne7 {[%emt 0:00:03]} 10. f4 {[%emt 0:00:02]} Qd7 {
[%emt 0:00:02]} 11. Kh2 {[%emt 0:00:16]} c6 {[%emt 0:00:02]} 12. e4 {
[%emt 0:00:02]} h5 {[%emt 0:00:02]} 13. fxe5 {[%emt 0:00:09]} dxe5 {
[%emt 0:00:03]} 14. Bg5 {[%emt 0:00:03]} Nh7 {[%emt 0:00:02]} 15. Be3 {
[%emt 0:00:02]} Nf6 {[%emt 0:00:02]} 16. Bxa7 {[%emt 0:00:02]} Ra8 {
[%emt 0:00:02]} 17. Bb6 {[%emt 0:00:02]} g5 {[%emt 0:00:02]} 18. Na4 {
[%emt 0:00:03]} Ng6 {[%emt 0:00:03]} 19. Be3 {[%emt 0:00:05]} Ra6 {
[%emt 0:00:02]} 20. Nc5 {[%emt 0:00:04]} Qc8 {[%emt 0:00:01]} 21. Bxg5 {
[%emt 0:00:00]} Ng4+ {[%emt 0:00:03]} 22. hxg4 {[%emt 0:00:04]} Bxg4 {
[%emt 0:00:00]} 23. Nxa6 {[%emt 0:00:04]} h4 {[%emt 0:00:02]} 24. Nc5 {
[%emt 0:00:05]} hxg3+ {[%emt 0:00:03]} 25. Kxg3 {[%emt 0:00:02]} Bh3 {
[%emt 0:00:01]} 26. Ng1 {[%emt 0:00:03]} Bxg2 {[%emt 0:00:02]} 27. Kxg2 {
[%emt 0:00:01]} Nh4+ {[%emt 0:00:01]} 28. Kg3 {[%emt 0:00:02]} Ng6 {
[%emt 0:00:02]} 29. Qg4 {[%emt 0:00:02]} f5 {[%emt 0:00:02]} 1-0

[Event "9. Forchheimer Sparkassen Open 2010"]
[Site "Forchheim"]
[Date "2010.10.02"]
[Round "2.34"]
[White "Walch, Roger"]
[Black "Salberg, Evelyne"]
[Result "1-0"]
[WhiteElo "1734"]
[BlackElo "1369"]
[PlyCount "48"]
[EventDate "2010.??.??"]
[WhiteTeam "SW Nürnberg Süd e.V."]
[BlackTeam "SV Bammersdorf"]

1. e4 {[%emt 0:00:00]} d6 {[%emt 0:00:02]} 2. d4 {[%emt 0:00:02]} c6 {
[%emt 0:00:02]} 3. Nc3 {[%emt 0:00:01]} Qc7 {[%emt 0:00:03]} 4. Be2 {
[%emt 0:00:02]} Nf6 {[%emt 0:00:25]} 5. f4 {[%emt 0:00:02]} g6 {[%emt 0:00:01]}
6. Nf3 {[%emt 0:00:04]} Bg4 {[%emt 0:00:02]} 7. O-O {[%emt 0:00:03]} Bg7 {
[%emt 0:00:01]} 8. e5 {[%emt 0:00:02]} dxe5 {[%emt 0:00:01]} 9. fxe5 {
[%emt 0:00:02]} Nd5 {[%emt 0:00:01]} 10. Ne4 {[%emt 0:00:02]} Bxf3 {
[%emt 0:00:02]} 11. Rxf3 {[%emt 0:00:03]} O-O {[%emt 0:00:01]} 12. c4 {
[%emt 0:00:02]} Nb6 {[%emt 0:00:13]} 13. a4 {[%emt 0:00:03]} a5 {[%emt 0:00:02]
} 14. Be3 {[%emt 0:00:05]} N8d7 {[%emt 0:00:05]} 15. Qe1 {[%emt 0:00:02]} Rfe8
{[%emt 0:00:02]} 16. Ng5 {[%emt 0:00:04]} Bxe5 {[%emt 0:00:08]} 17. Qh4 {
[%emt 0:00:04]} Nf6 {[%emt 0:00:07]} 18. dxe5 {[%emt 0:00:06]} Qxe5 {
[%emt 0:00:02]} 19. Re1 {[%emt 0:00:03]} Nbd7 {[%emt 0:00:05]} 20. Bd4 {
[%emt 0:00:02]} Qd6 {[%emt 0:00:02]} 21. Rd1 {[%emt 0:00:03]} Qb4 {
[%emt 0:00:03]} 22. Bc3 {[%emt 0:00:02]} Qb6+ {[%emt 0:00:02]} 23. Kh1 {
[%emt 0:00:06]} c5 {[%emt 0:00:01]} 24. Rxd7 {[%emt 0:00:03]} Qe6 {
[%emt 0:00:04]} 1-0

[Event "9. Forchheimer Sparkassen Open 2010"]
[Site "Forchheim"]
[Date "2010.10.02"]
[Round "2.35"]
[White "Wissel, Florian"]
[Black "Ertl, Helmut"]
[Result "1-0"]
[WhiteElo "1452"]
[BlackElo "1660"]
[PlyCount "103"]
[EventDate "2010.??.??"]
[WhiteTeam "SF Sailauf"]
[BlackTeam "SV Deggendorf"]

1. d4 {[%emt 0:00:00]} d5 {[%emt 0:00:01]} 2. Nf3 {[%emt 0:00:02]} Nf6 {
[%emt 0:00:02]} 3. c4 {[%emt 0:00:02]} e6 {[%emt 0:00:02]} 4. Nc3 {
[%emt 0:00:02]} Bb4 {[%emt 0:00:02]} 5. Bg5 {[%emt 0:00:02]} Nbd7 {
[%emt 0:00:03]} 6. e3 {[%emt 0:00:02]} O-O {[%emt 0:00:02]} 7. Bd3 {
[%emt 0:00:02]} c5 {[%emt 0:00:02]} 8. cxd5 {[%emt 0:00:07]} exd5 {
[%emt 0:00:02]} 9. O-O {[%emt 0:00:02]} Bxc3 {[%emt 0:00:01]} 10. bxc3 {
[%emt 0:00:02]} c4 {[%emt 0:00:01]} 11. Bc2 {[%emt 0:00:03]} Qa5 {
[%emt 0:00:05]} 12. Bxf6 {[%emt 0:00:02]} Nxf6 {[%emt 0:00:03]} 13. Qd2 {
[%emt 0:00:03]} a6 {[%emt 0:00:02]} 14. Ne1 {[%emt 0:00:03]} Qc7 {
[%emt 0:00:01]} 15. f3 {[%emt 0:00:04]} b5 {[%emt 0:00:02]} 16. e4 {
[%emt 0:00:05]} dxe4 {[%emt 0:00:02]} 17. fxe4 {[%emt 0:00:02]} h6 {
[%emt 0:00:02]} 18. Rxf6 {[%emt 0:00:03]} gxf6 {[%emt 0:00:02]} 19. Qxh6 {
[%emt 0:00:02]} Qe7 {[%emt 0:00:02]} 20. e5 {[%emt 0:00:02]} f5 {[%emt 0:00:01]
} 21. g4 {[%emt 0:00:03]} Qe6 {[%emt 0:00:06]} 22. Qxe6 {[%emt 0:00:03]} fxe6 {
[%emt 0:00:05]} 23. g5 {[%emt 0:00:02]} Bb7 {[%emt 0:00:02]} 24. h4 {
[%emt 0:00:02]} Kg7 {[%emt 0:00:02]} 25. h5 {[%emt 0:00:03]} Kh7 {
[%emt 0:00:04]} 26. Ng2 {[%emt 0:00:02]} Bxg2 {[%emt 0:00:02]} 27. Kxg2 {
[%emt 0:00:01]} Rab8 {[%emt 0:00:06]} 28. a3 {[%emt 0:00:11]} Rg8 {
[%emt 0:00:03]} 29. g6+ {[%emt 0:00:02]} Kh6 {[%emt 0:00:01]} 30. Bd1 {
[%emt 0:00:03]} Rg7 {[%emt 0:00:04]} 31. Bf3 {[%emt 0:00:02]} Ra7 {
[%emt 0:00:06]} 32. Rb1 {[%emt 0:00:02]} a5 {[%emt 0:00:01]} 33. Ra1 {
[%emt 0:00:02]} Ra6 {[%emt 0:00:01]} 34. Kg3 {[%emt 0:00:11]} Ra7 {
[%emt 0:00:02]} 35. Kh4 {[%emt 0:00:02]} Rc7 {[%emt 0:00:02]} 36. Rb1 {
[%emt 0:00:05]} b4 {[%emt 0:00:02]} 37. Be2 {[%emt 0:00:02]} Rd8 {
[%emt 0:00:02]} 38. axb4 {[%emt 0:00:02]} axb4 {[%emt 0:00:02]} 39. Rxb4 {
[%emt 0:00:03]} Ra7 {[%emt 0:00:02]} 40. Rxc4 {[%emt 0:00:06]} Ra1 {
[%emt 0:00:03]} 41. Bf3 {[%emt 0:00:06]} Ra2 {[%emt 0:00:03]} 42. Rc7 {
[%emt 0:00:09]} Rh8 {[%emt 0:00:03]} 43. Re7 {[%emt 0:00:05]} Ra3 {
[%emt 0:00:04]} 44. Rxe6 {[%emt 0:00:03]} Rxc3 {[%emt 0:00:03]} 45. Kg3 {
[%emt 0:00:02]} Rc4 {[%emt 0:00:02]} 46. d5 {[%emt 0:00:02]} Rg8 {
[%emt 0:00:02]} 47. d6 {[%emt 0:00:23]} Kg5 {[%emt 0:00:02]} 48. d7 {
[%emt 0:00:02]} f4+ {[%emt 0:00:13]} 49. Kf2 {[%emt 0:00:02]} Rd8 {
[%emt 0:00:02]} 50. g7 {[%emt 0:00:03]} Rc2+ {[%emt 0:00:02]} 51. Be2 {
[%emt 0:00:02]} Rd2 {[%emt 0:00:01]} 52. Rg6+ {[%emt 0:00:02]} 1-0